Die 10 stärksten Armeen der Welt – die größten Armeen - Statistiken

Allgemein
  • Dieses Quiz wurde 60 mal gespielt
  • Das Durchschnittsergebnis liegt bei 8 aus 10
Antwortstatistiken
Antwort % Korrekt
Vereinigte Staaten
100%
Russland
96%
China
94%
Frankreich
87%
Indien
87%
Vereinigtes Königreich
83%
Japan
67%
Südkorea
62%
Türkei
46%
Italien
42%
Keine übereinstimmenden Quizze gefunden
Verteilung der Resultate
Anzahl Personen mit jedem Resultat
Perzentil nach korrekt beantworteten Fragen
Ihre Resultats-Entwicklung
Sie haben dieses Quiz noch nicht gespielt